ბათუმის შოთა რუსთაველის სახელმწიფო უნივერსიტეტის ბიბლიოთეკა

ადამიანი და ხალხი : (ბიბ.ჩანაწერი № 58547)

000 -ლიდერი
ფიქსირებული სიგრძის საკონტროლო ველი 01772nam a22002537a 4500
003 - საკონტროლო ნომრის იდენტიფიკატორი
საკონტროლო ველი Ge_BSU
005 - ბოლო ოპერაციის თარიღი და დრო
საკონტროლო ველი 20220601125604.0
008 - ფიქსირებული სიგრძის მონაცემთა ელემენტები - ზოგადი ინფორმაცია
ფიქსირებული სიგრძის საკონტროლო ველი 220601s2016 ge ||||| |||| 00| 0 geo d
020 ## - წიგნის საერთაშორისო სტანდარტული ნომერი
International Standard Book Number 9789941164705
041 ## - ენის კოდი
Language code of text/sound track or separate title geo
080 ## - უნივერსალური ათობითი კლასიფიკაციის ინდექსი
Universal Decimal Classification number 316.472.3(042.4) ო-64
100 ## - მთავარი ჩანაწერი - პიროვნების სახელი
Personal name ორტეგა, ი გასეტი ხოსე
9 (RLIN) 13150
245 ## - ცნობა სათაურის შესახებ
Title ადამიანი და ხალხი :
Remainder of title [ლექციების კურსი] /
Statement of responsibility, etc ხოსე ორტეგა ი გასეტი ; ესპანურიდან თარგმნა ზურაბ წიქარიძემ ; რედაქტორები: ქართული ტექსტის რეზო მირიანაშვილი, ესპანურიდან თარგმანის ნინო ფიფია ; გარეკანის დიზაინი სოფო კობიძისა.
264 ## - წარმოების, გამოცემის, დისტრიბუციის და სხვა ცნობები
გამოცემის, წარმოების, დისტრიბუციის... ადგილი თბილისი,
გამოცემის, წარმოების, დისტრიბუციის... სახელწოდება საქართველოს მაცნე,
გამოცემის, წარმოების, დისტრიბუციის... თარიღი 2016.
300 ## - ფიზიკური აღწერა
Extent 287 გვ. ;
Other physical details 21 სმ.
501 ## - შენიშვნა თანმხლებ მასალაზე
With note შენიშვნები გვ. 274-286
653 ## - INDEX TERM--UNCONTROLLED
Uncontrolled term საზოგადოებრივი ურთიერთობები
653 ## - INDEX TERM--UNCONTROLLED
Uncontrolled term საზოგადოებრივი აზრი
700 ## - ADDED ENTRY--PERSONAL NAME
Personal name წიქარიძე, ზურაბ
Relator term მთარგმნელი, წინასიტყვაობის ავტორი.
9 (RLIN) 13933
700 ## - ADDED ENTRY--PERSONAL NAME
Personal name მირიანაშვილი, რეზო
Relator term რედაქტორი.
9 (RLIN) 13934
700 ## - ADDED ENTRY--PERSONAL NAME
Personal name ფიფია, ნინო
Relator term რედაქტორი
9 (RLIN) 13935
700 ## - ADDED ENTRY--PERSONAL NAME
Personal name კობიძე, სოფო
Relator term გარეკანის დიზაინერი
9 (RLIN) 13936
942 ## - ADDED ENTRY ELEMENTS (KOHA)
Source of classification or shelving scheme
Koha item type წიგნი
ეგზემპლარები
ჩამოწერის სტატუსი დაკარგული ეგზემპლარის სტატუსი კლასიფიკაციის წყარო ან თაროზე გაწყობის სქემა დაზიანების სტატუსი არ გაიცემა მუდმივი მდებარეობა (დაცვის ადგილი) ამჟამინდელი ადგილსამყოფელი თაროზე განთავსების ადგილი შეძენის თარიღი ღირებულება, შესყიდვის ნორმალური ფასი სრული შენახვის შიფრი შტრიხკოდი ბოლო ოპერაციის თარიღი ეგზემპლარის მიმდევრობითი ნომერი (კეტერი?) ფასის ძალაში შესვლის თარიღი ეგზემპლარის სახეობა საჯარო შენიშვნა
          ბათუმის შოთა რუსთაველის სახელმწიფო უნივერსიტეტის მთავარი ბიბლიოთეკა ბათუმის შოთა რუსთაველის სახელმწიფო უნივერსიტეტის მთავარი ბიბლიოთეკა წიგნსაცავი 2022-06-01 11.00 316.472.3(042.4) ო-64 62502 2022-06-01 62502 2022-06-01 წიგნი 11 ლ.
          ბათუმის შოთა რუსთაველის სახელმწიფო უნივერსიტეტის მთავარი ბიბლიოთეკა ბათუმის შოთა რუსთაველის სახელმწიფო უნივერსიტეტის მთავარი ბიბლიოთეკა წიგნსაცავი 2022-06-01 11.00 316.472.3(042.4) ო-64 62503 2022-06-01 62503 2022-06-01 წიგნი 11 ლ.
          ბათუმის შოთა რუსთაველის სახელმწიფო უნივერსიტეტის მთავარი ბიბლიოთეკა ბათუმის შოთა რუსთაველის სახელმწიფო უნივერსიტეტის მთავარი ბიბლიოთეკა წიგნსაცავი 2022-06-01 11.00 316.472.3(042.4) ო-64 62504 2022-06-01 62504 2022-06-01 წიგნი 11 ლ.
          ბათუმის შოთა რუსთაველის სახელმწიფო უნივერსიტეტის მთავარი ბიბლიოთეკა ბათუმის შოთა რუსთაველის სახელმწიფო უნივერსიტეტის მთავარი ბიბლიოთეკა წიგნსაცავი 2022-06-01 11.00 316.472.3(042.4) ო-64 62505 2022-06-01 62505 2022-06-01 წიგნი 11 ლ.
          ბათუმის შოთა რუსთაველის სახელმწიფო უნივერსიტეტის მთავარი ბიბლიოთეკა ბათუმის შოთა რუსთაველის სახელმწიფო უნივერსიტეტის მთავარი ბიბლიოთეკა წიგნსაცავი 2025-05-28 9.00 316.472.3(042.4) ო-64 71583 2025-05-28 71583 2025-05-28 წიგნი 9ლ.20თ.